书目信息 |
| 题名: |
机械识图
|
|
| 作者: | 冯建平 主编 | |
| 分册: | ||
| 出版信息: | 北京 人民交通出版社 2004.09 |
|
| 页数: | 137页 | |
| 开本: | 20cm | |
| 丛书名: | ||
| 单 册: | ||
| 中图分类: | TH126.1 | |
| 科图分类: | ||
| 主题词: | 机械制图:计算机制图 | |
| 电子资源: | ||
| ISBN: | 7-114-05190-5 | |
| 000 | 00718nam0 2200205 450 | |
| 001 | 0555339129 | |
| 005 | 20050303152214.96 | |
| 010 | @a7-114-05190-5@dCNY18.00 | |
| 100 | @a20050303d2004 km y0chiy0120 ea | |
| 101 | 0 | @achi |
| 102 | @aCN@b110000 | |
| 200 | 1 | @a机械识图@Aji xie shi tu@e汽车驾驶、汽车维修、汽车维修与驾驶专业用@f冯建平 主编@Ffeng jian ping zhu bian |
| 210 | @a北京@c人民交通出版社@d2004.09 | |
| 215 | @a137页@d20cm | |
| 517 | 1 | @a汽车驾驶、汽车维修、汽车维修与驾驶专业用@Aqi che jia shi、qi che wei xiu、qi che wei xiu yu jia shi zhuan ye yong |
| 606 | 0 | @a机械制图:计算机制图 |
| 690 | @aTH126.1@v3 | |
| 701 | 0 | @a冯建平@Afeng jian ping@4主编 |
| 801 | 0 | @aCN@bPFT@c20050303 |
| 905 | @aBZT@dTH126.1@e1 | |
| 机械识图:汽车驾驶、汽车维修、汽车维修与驾驶专业用/冯建平 主编.-北京:人民交通出版社,2004.09 |
| 137页;20cm |
| ISBN 7-114-05190-5:CNY18.00 |
| ● |
| 相关链接 |
|
|
|
正题名:机械识图
索取号:TH126.1/1
 
预约/预借
| 序号 | 登录号 | 条形码 | 馆藏地/架位号 | 状态 | 备注 |
| 1 | 438261 | 210656100 | 中心书库中库/ 中库030架A面6列7层45/ [索取号:TH126.1/1] | 在馆 | |
| 2 | 438262 | 210656093 | 中心书库中库/ 中库030架A面6列6层12/ [索取号:TH126.1/1] | 在馆 | |
| 3 | 438263 | 210656084 | 中心书库中库/ 中库030架A面6列7层43/ [索取号:TH126.1/1] | 在馆 | |
| 4 | 438264 | 210656075 | 中心书库中库/ 中库030架A面6列6层14/ [索取号:TH126.1/1] | 在馆 | |
| 5 | 438265 | 210656066 | 中心书库南/007架A面5层6列/ [索取号:TH126.1/1] | 在馆 | |
| 6 | 438266 | 210656057 | 中心书库中库/ 中库030架A面6列6层15/ [索取号:TH126.1/1] | 在馆 | |
| 7 | 438267 | 210656039 | 中心书库中库/ 中库030架A面6列6层16/ [索取号:TH126.1/1] | 在馆 | |
| 8 | 438268 | 210656048 | 中心书库中库/ 中库030架A面6列6层45/ [索取号:TH126.1/1] | 在馆 | |
| 9 | 438269 | 210656011 | 中心书库中库/ 中库030架A面6列6层13/ [索取号:TH126.1/1] | 在馆 | |
| 10 | 438270 | 210656020 | 中心书库中库/ 中库030架A面6列6层46/ [索取号:TH126.1/1] | 在馆 |